Slogan to Logo Match - Cars Quiz Stats

 Plays Quiz Updated Dec 23, 2016

Score 0/36 Timer 05:00
4 Plays Today
% Correct
BMW
42.4%
Audi
32.3%
Toyota
32.1%
GMC
30.3%
Honda
25.7%
Mercedes-Benz
24.9%
Mini
24.3%
Alfa Romeo
22.6%
Ford
21.9%
Jaguar
21.3%
Lexus
20.8%
Hyundai
20.6%
Nissan
20.6%
Chrysler
20.1%
Mazda
19.6%
Lamborghini
19.5%
Porsche
19.2%
Chevrolet
19%
% Correct
Citroën
17.8%
Infiniti
17.7%
Dodge
17.5%
Jeep
17.3%
Aston Martin
17.2%
Peugeot
15.9%
Maserati
15.3%
Ferrari
15%
Volvo
14.8%
Cadillac
14.5%
Subaru
14%
Kia
14%
Acura
13.4%
Fiat
12.5%
Suzuki
12.5%
Renault
12.2%
Mitsubishi
12.1%
Holden
10.5%

You're not logged in!

Compare scores with friends on all Sporcle quizzes.
OR
Log In

You Might Also Like...

Show Comments

Extras

Top Quizzes Today


Score Distribution

Your Account Isn't Verified!

In order to create a playlist on Sporcle, you need to verify the email address you used during registration. Go to your Sporcle Settings to finish the process.

Report this User

Report this user for behavior that violates our Community Guidelines.

Details: